Random Knowledge Quiz #23 - Statistics

General Stats
  • This quiz has been taken 270 times
    180 since last reset
  • The average score is 7 of 15
Answer Stats
Question Answer % Correct
Inviting someone to do sexual activities, you might use the internet slang term 'Netflix and...' what? Chill
76%
Who has "lips red as a rose, hair black as ebony, and skin white as snow"? Snow White
75%
Finish these lyrics: We are the champions / We are the champions / No time for losers / 'Cause we are the champions... Of the World
69%
Approximately what percentage of the world population has green eyes? 2
68%
Which small toy is also the largest 'population' on Earth, with over 4 billion spread across the world? LEGO minifigures
66%
What is the only mammal that cannot jump? Elephant
61%
As of 2023, what is the most used internet browser in the world? Google Chrome
58%
The author of Chronicles of Narnia C.S.Lewis died on the same day as which US president? John F. Kennedy
44%
Who painted the Salvator Mundi, the world's most expensive painting? Leonardo da Vinci
40%
As of 2023, what is the estimated median age of the world population? 30 years
36%
Where can you find the world's tallest statue, The Statue of Unity? Gujarat, India
25%
Which non-governmental organisation of French origin is known for its projects in conflict zones and in countries affected by endemic diseases? Doctors Without Borders
20%
Theoretically, where would you need to start if you wanted to dig a hole to China? Argentina or Chile
19%
Before video games, what did Nintendo specialize in? Playing cards
18%
Which fictional triplets are part of a scouting group The Junior Woodchucks? Huey, Dewey, and Louie
5%
No matching quizzes found
Score Distribution
Percent of People with Each Score
Percentile by Number Answered
Your Score History
You have not taken this quiz since the last reset